<?xml version="1.0" encoding="UTF-8"?><?xml-stylesheet type="text/xsl" href="static/style.xsl"?><OAI-PMH xmlns="http://www.openarchives.org/OAI/2.0/" xmlns:xsi="http://www.w3.org/2001/XMLSchema-instance" xsi:schemaLocation="http://www.openarchives.org/OAI/2.0/ http://www.openarchives.org/OAI/2.0/OAI-PMH.xsd"><responseDate>2026-06-01T08:49:20Z</responseDate><request verb="GetRecord" identifier="oai:riuma.uma.es:10630/34325" metadataPrefix="marc">https://riuma.uma.es/rest/oai/request</request><GetRecord><record><header><identifier>oai:riuma.uma.es:10630/34325</identifier><datestamp>2026-02-03T11:03:23Z</datestamp><setSpec>com_10630_2254</setSpec><setSpec>col_10630_37953</setSpec></header><metadata><record xmlns="http://www.loc.gov/MARC21/slim" xmlns:dcterms="http://purl.org/dc/terms/" xmlns:doc="http://www.lyncode.com/xoai" xmlns:xsi="http://www.w3.org/2001/XMLSchema-instance" xsi:schemaLocation="http://www.loc.gov/MARC21/slim http://www.loc.gov/standards/marcxml/schema/MARC21slim.xsd">
   <leader>00925njm 22002777a 4500</leader>
   <datafield ind2=" " ind1=" " tag="042">
      <subfield code="a">dc</subfield>
   </datafield>
   <datafield ind2=" " ind1=" " tag="720">
      <subfield code="a">Torres-Prioris, María José</subfield>
      <subfield code="e">author</subfield>
   </datafield>
   <datafield ind2=" " ind1=" " tag="720">
      <subfield code="a">López-Barroso, Diana</subfield>
      <subfield code="e">author</subfield>
   </datafield>
   <datafield ind2=" " ind1=" " tag="720">
      <subfield code="a">Paredes-Pacheco, José</subfield>
      <subfield code="e">author</subfield>
   </datafield>
   <datafield ind2=" " ind1=" " tag="720">
      <subfield code="a">Roé-Vellvé, Núria</subfield>
      <subfield code="e">author</subfield>
   </datafield>
   <datafield ind2=" " ind1=" " tag="720">
      <subfield code="a">Dawid-Milner, Marc S</subfield>
      <subfield code="e">author</subfield>
   </datafield>
   <datafield ind2=" " ind1=" " tag="720">
      <subfield code="a">Berthier, Marcelo L</subfield>
      <subfield code="e">author</subfield>
   </datafield>
   <datafield ind2=" " ind1=" " tag="260">
      <subfield code="c">2019-05-08</subfield>
   </datafield>
   <datafield ind2=" " ind1=" " tag="520">
      <subfield code="a">Linguistic anxiety (LA) is an abnormal stress response to verbal tasks, often heightened during language testing in people with aphasia (PWA), affecting the accuracy of cognitive evaluations. This study examined a woman with severe chronic mixed transcortical aphasia, caused by left frontal and parietal hemorrhages, treated with the dopamine agonist Rotigotine and Intensive Language-Action Therapy (ILAT). During formal language testing, LA triggered echolalia, perseverations, and frustration, complicating task completion. However, improvements were greater when her husband conducted evaluations at home. Autonomic measures showed higher reactivity during impaired tasks versus preserved ones. Imaging revealed decreased left-side brain activity and compensatory right hemisphere engagement. The findings suggest that involving trained laypersons in evaluating and treating PWA with LA can enhance outcomes and highlight the need for multidimensional approaches to understand the interplay between anxiety and language deficits.</subfield>
   </datafield>
   <datafield ind1="8" ind2=" " tag="024">
      <subfield code="a">Torres-Prioris, M. J., López-Barroso, D., Paredes-Pacheco, J., Roé-Vellvé, N., Dawid-Milner, M. S., &amp; Berthier, M. L. (2019). Language as a Threat: Multimodal Evaluation and Interventions for Overwhelming Linguistic Anxiety in Severe Aphasia. Frontiers in psychology, 10, 678. https://doi.org/10.3389/fpsyg.2019.00678</subfield>
   </datafield>
   <datafield ind1="8" ind2=" " tag="024">
      <subfield code="a">https://hdl.handle.net/10630/34325</subfield>
   </datafield>
   <datafield ind1="8" ind2=" " tag="024">
      <subfield code="a">10.3389/fpsyg.2019.00678</subfield>
   </datafield>
   <datafield tag="653" ind2=" " ind1=" ">
      <subfield code="a">Afasia</subfield>
   </datafield>
   <datafield ind2="0" ind1="0" tag="245">
      <subfield code="a">Language as a threat: multimodal evaluation and interventions for overwhelming linguistic anxiety in severe aphasia</subfield>
   </datafield>
</record>
</metadata></record></GetRecord></OAI-PMH>